La guerra de los Cien Años y otros guiones cinematográficos / (Record no. 19070)

MARC details
000 -LEADER
campo de control de longitud fija 00864nam a2200253 i 4500
001 - NÚMERO DE CONTROL
campo de control 19070
003 - IDENTIFICADOR DE NÚMERO DE CONTROL
campo de control ES-MaACL
005 - FECHA Y HORA DE LA ÚLTIMA TRANSACCIÓN
campo de control 20250824212230.0
007 - CAMPO FIJO DE DESCRIPCIÓN FÍSICA--INFORMACIÓN GENERAL
campo de control de longitud fija t|
008 - DATOS DE LONGITUD FIJA--INFORMACIÓN GENERAL
campo de control de longitud fija 020603s1990 sp ||||1| spa d
020 ## - NÚMERO INTERNACIONAL ESTÁNDAR DEL LIBRO
Número Internacional Estándar del Libro 84-86568-32-3
080 ## - NÚMERO DE LA CLASIFICACIÓN DECIMAL UNIVERSAL
Número de la Clasificación Decimal Universal 821.134.2-9"19"
100 1# - ENTRADA PRINCIPAL--NOMBRE DE PERSONA
Nombre de persona Fernández Molina, Antonio.
9 (RLIN) 49932
245 13 - MENCIÓN DEL TÍTULO
Título La guerra de los Cien Años y otros guiones cinematográficos /
Mención de responsabilidad, etc. A.F. Molina ; edición, introducción y notas de Jesús Ferrer Solá.
260 ## - PUBLICACIÓN, DISTRIBUCIÓN, ETC.
Lugar de publicación, distribución, etc. Madrid :
Nombre del editor, distribuidor, etc. Prensa y Ediciones Iberoamericanas,
Fecha de publicación, distribución, etc. [1990]
300 ## - DESCRIPCIÓN FÍSICA
Extensión 60 p. ;
Dimensiones 21 cm.
490 1# - MENCIÓN DE SERIE
Mención de serie Los libros de doña Berta ;
Designación de volumen o secuencia 18
655 #7 - TERMINO DE INDIZACIÓN--GENERO/FORMA
Datos o término principal de género/forma Guiones cinematográficos
Fuente del término tgfbne
9 (RLIN) 234355
700 1# - ENTRADA AGREGADA--NOMBRE PERSONAL
Nombre de persona Ferrer Solá, Jesús.
9 (RLIN) 50498
830 14 - PUNTO DE ACCESO ADICIONAL DE SERIE-TÍTULO UNIFORME
Título uniforme Los libros de doña Berta
Designación de volumen o secuencia 18
9 (RLIN) 178268
852 ## - LOCALIZACIÓN
Ubicación ES-MaACL
Número de control de estantería 2168-F-18
942 ## - ELEMENTOS DE ENTRADA SECUNDARIOS (KOHA)
Fuente del sistema de clasificación o colocación Clasificación decimal universal
Holdings
Estatus retirado Estado de pérdida Estado de daño No para préstamo Colección Biblioteca de origen Biblioteca actual Ubicación en estantería Fecha de adquisición Fuente de adquisición Total de préstamos Signatura topográfica completa Código de barras Visto por última vez Precio de reemplazo Tipo de ítem Koha
        Colección de folletos Biblioteca del Ateneo de Madrid Biblioteca del Ateneo de Madrid Depósito folletos 17/01/2008     2168-F-18 1019514 23/02/2023 23/02/2023 Folleto